000 00370 a2200157 4500
001 49396
020 _a8572084576
040 _cAnchieta - Bela Vista
100 _aSypriano, Lilian
240 1 0 _aO fabuloso elixir do corajoso
_lpor
245 1 0 _aO fabuloso elixir do corajoso
300 _a31
362 0 _a2006
650 4 _aLiteratura infanto-juvenil
942 _cBK
999 _c49396
_d49396